000 00203nam a22000977a 4500
003 SGT
245 _aJournal of Prosthetic Dentistry
260 _c2011,2013,2018
300 _a420,550,970,
942 _2ddc
_cBV
999 _c30162
_d30162